000 00334nam a22001337a 4500
003 OSt
005 20230728130459.0
008 230728b |||||||| |||| 00| 0 eng d
040 _cCO-JMCR
082 0 4 _aN
_bCONc
100 1 0 _aConrad, Joseph,
_eautor
_941384
245 _aEl Corazón de la oscuridad /
_cJoseph Conrad
942 _2ddc
_cBK
999 _c30140
_d16524